[Ayacucho en la Revolución de Hispanoamerica] (Record no. 150668)

MARC details
000 -LEADER
campo de control de longitud fija 00576nam a2200157 i 4500
001 - NÚMERO DE CONTROL
campo de control 150668
003 - IDENTIFICADOR DE NÚMERO DE CONTROL
campo de control ES-MaACL
005 - FECHA Y HORA DE LA ÚLTIMA TRANSACCIÓN
campo de control 20230906203628.0
007 - CAMPO FIJO DE DESCRIPCIÓN FÍSICA--INFORMACIÓN GENERAL
campo de control de longitud fija t|
008 - DATOS DE LONGITUD FIJA--INFORMACIÓN GENERAL
campo de control de longitud fija 071105s1924 ve ||||1| spa d
100 1# - ENTRADA PRINCIPAL--NOMBRE DE PERSONA
Nombre de persona Díaz Rodríguez, Manuel.
9 (RLIN) 44411
245 11 - MENCIÓN DEL TÍTULO
Título [Ayacucho en la Revolución de Hispanoamerica]
Resto del título : discurso de recepción /
Mención de responsabilidad, etc. del Dr. Manuel Díaz-Rodríguez en la Academia Nacional de la Historia el 6 de diciembre de 1924.
260 ## - PUBLICACIÓN, DISTRIBUCIÓN, ETC.
Lugar de publicación, distribución, etc. Caracas :
Nombre del editor, distribuidor, etc. [s.n.,
Fecha de publicación, distribución, etc. 1924?] (
Fabricante Tip. Americana)
300 ## - DESCRIPCIÓN FÍSICA
Extensión 30 p. ;
Dimensiones 23 cm.
852 ## - LOCALIZACIÓN
Ubicación ES-MaACL
Número de control de estantería 1685-F-13
Sublocalización o colección R.5070
Holdings
Estatus retirado Estado de pérdida Estado de daño No para préstamo Colección Biblioteca de origen Biblioteca actual Ubicación en estantería Fecha de adquisición Fuente de adquisición Total de préstamos Signatura topográfica completa Código de barras Visto por última vez Precio de reemplazo Tipo de ítem Koha
        Colección de folletos Biblioteca del Ateneo de Madrid Biblioteca del Ateneo de Madrid Depósito folletos 17/01/2008     1685-F-13 1157214 23/02/2023 23/02/2023 Folleto